Les films dont le titre est une identité (2) - Statistiques

Statistiques générales
  • Ce quiz a été pris 39 fois
  • Le résultat moyen est 16 sur 50
Statistiques - réponses
Année Indice Film % Correct
2014 Y {Yves} Saint-Laurent
100%
2016 M {Marie} Curie
94%
2018 M {Mary} Shelley
94%
2004 L Arsène {Lupin}
86%
2018 G {Gaston} Lagaffe
83%
2009 S {Sherlock} Holmes
83%
2006 B Rocky {Balboa}
81%
2000 B {Billy} Elliot
75%
1997 L {Lucie} Aubrac
69%
2012 S Tom {Sawyer}
53%
1999 C David {Copperfield}
50%
2010 D {Dorian} Gray
50%
1996 E Jane {Eyre}
50%
1997 B Jackie {Brown}
47%
2020 E {Eugénie} Grandet
44%
2011 C Hugo {Cabret}
44%
2007 O {Odette} Toulemonde
44%
2004 A Salvador {Allende}
39%
2008 A {Agathe} Cléry
31%
1990 T Dick {Tracy}
31%
2009 M Harvey {Milk}
31%
2021 M {Maria} Chapdelaine
28%
1996 M {Michael} Collins
28%
2014 G {Gemma} Bovary
25%
1993 G Gilbert {Grape}
25%
2013 A Hannah {Arendt}
25%
2005 Z Anthony {Zimmer}
22%
1994 W {Wyatt} Earp
22%
2016 F {Florence} Foster Jenkins
19%
1989 G Boris {Godounov}
17%
2008 R John {Rambo}
17%
2019 E Martin {Eden}
17%
2012 D Thérèse {Desqueyroux}
17%
2005 O Oliver {Twist}
14%
2020 C {Claire} Andrieux
11%
2002 O Eugène {Onéguine}
11%
2016 B Rosalie {Blum}
11%
2016 T {Toni} Erdmann
11%
2011 A {Albert} Nobbs
8%
2000 E {Esther} Kahn
8%
2002 C {Charlotte} Gray
6%
1997 D Georges {Dandin}
6%
2010 M Imogène {McCarthery}
6%
1995 R Rob {Roy}
6%
2003 F Antwone {Fisher}
0%
1997 P Austin [Powers}
0%
2014 E {Effie} Gray
0%
2011 I {Ingrid} Jonker
0%
2009 S Irena {Sendler}
0%
2017 M {Megan} Leavey
0%
Aucun quiz correspondant
Distribution des résultats
% des personnes avec chaque résultat
Percentile par nombre de réponses
Votre historique - résultats
Vous n’avez pas pris ce quiz